000 00660nam a2200229 i 4500
001 12855
003 ES-MaACL
005 20230906150426.0
007 t|
008 960408s1995 sp |||| | spa j
020 _a84-245-0705-3
080 _a860-31"19"
100 1 _aOrtega, Juan Pablo.
_987414
245 1 3 _aEl año que vino Eva Perón /
_cJuan Pablo Ortega.
250 _a1ª ed.
260 _aMadrid :
_bFundamentos,
_c1995.
300 _a251 p. ;
_c21 cm.
490 1 _aNarrativa española ;
_v34
830 0 _aNarrativa española ;
_v34
_9179643
852 _aES-MaACL
_jL-20170
_z. - Dedicatoria autógrafa del autor
999 _c12855
_d12855